Olympiacos Piraeus roster: - Statistics

General Stats
  • This quiz has been taken 4 times
  • The average score is 10 of 17
Answer Stats
Hint Answer % Correct
F Evan Fournier
100%
F Kostas Papanikolaou
75%
C Nikola Milutinov
75%
F Sasha Vezenkov
75%
G Thomas Walkup
75%
G Tyler Dorsey
75%
F Tyson Ward
75%
F Alec Peters
50%
C Donta Hall
50%
G Frank Ntilikina
50%
Coach Georgios Bartzokas
50%
G Giannoulis Larentzakis
50%
G Keenan Evans
50%
C Kostas Antetokounmpo
50%
G Omiros Netzipoglou
50%
G Shaquielle Mckissic
25%
G Saben Lee
0%
No matching quizzes found
Score Distribution
Percent of People with Each Score
Percentile by Number Answered
Your Score History
You have not taken this quiz